00817nam a2200157Ia 4500008004100000020001700041082001600058100002000074245014400094260004000238300001100278500012600289650013200415952009500547999001700642120622s9999 xx 000 0 und d a84-8789-63-6 a658.05 E53s aEmery, James C. aSistemas de información para la dirección : el recurso estratégico crítico / James C. Emery ; tr. Ignacio M. Martínez de Oñarte aMadrid : Ediciones Díaz de Santos a258 p. aTítulo original: Management information systems. The critical strategic resource \ Incluye glosario e índice de temas a1. SISTEMAS DE INFORMACION EN ADMINISTRACION \ 2. SISTEMAS DE ALMACENAMIENTO Y RECUPERACION DE INFORMACION - ADMINISTRACIONÌ 00102lcc4070a22b22d2007-01-25l0o658.05 E53Sp01 001468r2023-07-15w2012-06-24yLB c58923d58923